[Event "Dortmund 45th"]
[Site "Dortmund"]
[Date "2017.07.21"]
[Round "5"]
[White "Wang, Yue"]
[Black "Bluebaum, Matthias"]
[Result "1-0"]
[WhiteElo "2699"]
[BlackElo "2642"]
[Annotator "Mokal,P"]
[PlyCount "117"]
[EventDate "2017.07.15"]
[EventType "tourn"]
[EventRounds "7"]
[EventCountry "GER"]
[EventCategory "19"]
[SourceTitle "CBM 180"]
[Source "ChessBase"]
[SourceDate "2017.09.13"]
[SourceVersion "1"]
[SourceVersionDate "2017.09.13"]
[SourceQuality "1"]

1. d4 Nf6 2. c4 e6 3. Nf3 d5 4. Nc3 Bb4 5. Bd2 {A rare line that has been used
for its surprise value by Nakamura and Aronian in the past.} O-O ({
Interestingly the first game with this move was played way back in 1923 by
Alekhine in a simultaneous display...} 5... Nc6 6. e3 Bd7 7. Bd3 O-O 8. O-O
Bxc3 9. bxc3 Ne4 10. Rb1 b6 11. Qc2 f5 12. cxd5 exd5 13. c4 $16 {0-1 Alekhine,
A-Love,A/Greenock 1923/EXT 2001 (37)}) 6. e3 b6 ({Aronian's approach versus
Nakamura was} 6... Re8 7. a3 Bf8 8. Rc1 $5 Nbd7 9. Be2 a6 10. c5 c6 11. Na4 Ne4
12. O-O Nxd2 13. Nxd2 e5 $1 $132 {1-0 Nakamura,H (2767)-Aronian,L (2797)/Saint
Louis 2014 (48)}) ({While Anand chose the straightforward} 6... c5 7. a3 Bxc3
8. Bxc3 Ne4 9. Qc2 Nxc3 10. bxc3 Nd7 11. Bd3 h6 $5 (11... g6) 12. cxd5 exd5 13.
Qb2 Qe7 14. O-O Nf6 15. Rfb1 c4 16. Bc2 Ne4 17. a4 $14 {1/2-1/2 Aronian,L 
(2781)-Anand,V (2803)/London ENG 2015 (34)}) 7. Rc1 ({Fedoseev displayed a
nice idea at the World Team Championship played a month before} 7. cxd5 exd5 8.
Rc1 Be7 9. Bd3 Bb7 10. O-O Nbd7 11. Be1 $1 {[%cal Gf3e5,Gf2f4,Ge1g3]} c5 12.
Ne5 cxd4 $5 13. Nxd7 Nxd7 14. exd4 Nf6 15. f3 $14 {1-0 Fedoseev,V (2703)
-Gajewski,G (2628)/Khanty-Mansiysk 2017/CBM 179/[Lenderman,A] (32)}) 7... Ba6
8. Qa4 c5 ({It was also possible to try to retain the bishop with} 8... Be7 9.
cxd5 Bxf1 10. Kxf1 ({or} 10. Rxf1 exd5) 10... exd5) 9. cxd5 $146 (9. a3 cxd4 (
9... Bxc3 10. Bxc3 Ne4 $11) 10. exd4 (10. axb4 dxc3 11. Bxc3 Ne4 $11) 10...
Bxc3 11. bxc3 $6 Qc8 12. cxd5 Bxf1 13. Kxf1 exd5 $15 {0-1 Pfeiffer,G-Kluger,G/
Leipzig 1960 (55)}) (9. dxc5 bxc5 (9... Bxc5 10. cxd5 Bxf1 11. Kxf1 exd5 12. g3
$5) 10. a3 Bxc3 (10... Ba5) 11. Bxc3 Ne4 12. cxd5 Nxc3 13. Rxc3 Bxf1 14. Rxf1
Qxd5 {1-0 Dejkalo,S (2435)-Djuric,S (2435)/Tallinn 1986 (50)} 15. Ke2 $36) 9...
Bxf1 10. Rxf1 ({The other way to continue would be} 10. Kxf1 {in the style of
the Nimzo Rubinstein variation} exd5 (10... Nxd5 11. g3) 11. g3 ({White cannot
get in a Botvinnik style g4 follow-up as Black is better developed here than
in the Nimzo Rubinstein. For example} 11. Ne5 a5 (11... Nbd7 12. Nc6) 12. g4 (
12. a3 Bxc3 13. Bxc3 Ne4 14. g3) 12... Bxc3 13. Bxc3 Ne4 $15)) 10... exd5 (
10... Nxd5 11. Nxd5 Bxd2+ 12. Kxd2 (12. Nxd2 Qxd5 13. dxc5 Nd7 {can be
dangerous}) 12... Qxd5 13. Ke2 Nd7 $11) 11. Ke2 a6 {Giving White an easy way
to sort out the position of his weak king.} ({A more dynamic option was} 11...
Qe7 12. dxc5 (12. Rfd1 c4) 12... bxc5 13. Rfd1 Nbd7 (13... d4 14. Kf1 $1 dxc3
15. bxc3 $14 {[%csl Rb4]}) 14. Kf1 Rab8 $13) (11... Re8 12. Rfd1 (12. dxc5 bxc5
13. Rfd1 d4) 12... Nbd7 13. Kf1 Qe7 $13) 12. dxc5 (12. a3 $6 Bxc3 13. Bxc3 c4
14. Rfe1 b5 15. Qc2 a5 $36) 12... bxc5 13. Rfd1 $14 {With his king sorted out,
Wang Yue now has a clear plan in his mind. The side playing against isolated
or hanging pawns should generally try to exchange pieces. The smaller the
number of pieces on the board the more prominent will be the weakness of the
pawns and the importance of their central control will be lessened. White uses
this fundamental skillfully in the next few moves.} Nbd7 (13... Re8 $2 {
walks into} 14. Nxd5 $1 Nxd5 (14... Qxd5 15. Bxb4 $18) 15. Bxb4 cxb4 16. Rxd5
$18 {[%csl Re8]}) (13... Qe7 14. Kf1 $14) 14. a3 Bxc3 (14... Ba5 $2 15. Nxd5
Bxd2 16. Nxf6+ $18) ({Black could have retained the B with} 14... Nb6 15. Qc2
Ba5 16. Kf1 $14) 15. Bxc3 Qb6 16. Ne5 ({It would make sense to offer Q
exchange right now with} 16. Qa5 {but Black can afford to ignore it with the
help of tactical threats, for example} Qb3 17. Bxf6 Nxf6 18. Qxc5 Qxb2+ (18...
Rab8) 19. Rc2 Qb8 (19... Qb5+ 20. Qxb5 axb5 21. Rd3) 20. Qb4 $14) 16... Qe6 ({
Worth considering was} 16... Nxe5 $5 17. Bxe5 c4 {[%csl Rb2,Rd5] White would
like to take on f6 sooner or later but the weakness of the b2-P will make it
tough to get too much out of it, for example} 18. Qb4 (18. Bxf6 Qxf6 19. Rxd5
Qxb2+ 20. Rc2 Qb7 $132 {[%csl Rg2]}) 18... Qe6 19. Bxf6 Qxf6 20. Rxd5 Rab8 21.
Qxc4 Qxb2+ 22. Kf1 Qxa3 $11) 17. Nxd7 Nxd7 18. Kf1 f6 (18... Rab8 19. b4 c4 20.
e4 $5 {[%csl Rd7]}) 19. h3 {[%cal Ga4g4] Preparing to carry out the above
mentioned fundamental plan of exchanges.} Rfc8 20. Qg4 Qxg4 (20... Qf7 $2 21.
Qf3 Nb6 22. Ba5 $16) 21. hxg4 Nb6 22. Ba5 Nc4 23. Be1 Nb6 (23... Nxb2 $6 24.
Rxd5 c4 25. Rd4 {[%cal Gc1c2]} Rab8 26. Bb4 Nd3 27. Rcxc4 $16) 24. Ba5 Nc4 25.
Be1 Nb6 26. b4 cxb4 (26... c4 27. a4 Nxa4 28. Rxd5 Rab8 29. Ra1 Nb2 30. Bc3 Nd3
31. Ra4 Rb6 $14) 27. axb4 Kf7 (27... Rxc1 28. Rxc1 Nc4 (28... Rc8 29. Ra1 $16)
29. Ra1 Kf7 30. Ke2 Ke6 31. Bc3 $14 Ne5 $2 32. b5) (27... Nc4 28. Ke2 (28. Rxd5
Nxe3+) 28... Rd8 (28... Ra7 29. Rxd5 $16) 29. e4 $14) 28. Ra1 $1 Rc4 29. Ra5 $1
{White gives up the g4-pawn but takes the more important a6-pawn.} Rxg4 30.
Rda1 Rb8 31. Rxa6 {The B is much stronger than the N, especially since Black
has to manage both sides of the board due to White's strong passed pawn.} Re4
32. Ra7+ Re7 (32... Kg6 33. Rc7 Na8 (33... Rc4 34. Raa7 Rxc7 35. Rxc7 $14) 34.
Rc5 d4 35. Rc4 $36) 33. Ke2 Rbb7 34. Rxb7 Rxb7 35. Kd3 (35. Ra5 $5 Ke6 36. Rb5
Kd6 37. Kd3 Kc6 38. Rc5+ Kd6 39. Kd4 $14) 35... Ke7 36. Bc3 Nd7 37. f4 {
Dominating the knight.} Nb8 38. Bd4 Nc6 39. Bc5+ Kd7 40. Kc3 f5 41. Ra6 Kc7 42.
Kb3 Rb8 43. Ka4 Re8 44. g3 (44. b5 $5 {would be strong here as well} Re4+ 45.
Kb3 Nd8 46. Ra7+ Nb7 47. Bd4 g6 48. Kb4 h5 (48... Kb8 49. b6 h6 50. Kb5) 49. g3
$18) 44... h5 45. b5 Re4+ 46. Kb3 Nd8 47. Bd4 g5 48. Ra7+ (48. fxg5 Ne6 (48...
Rg4 49. Be5+ Kd7 (49... Kb7 50. g6) 50. Ra7+ Ke8 51. Bf6 $18) 49. g6 Nxd4+ 50.
exd4 Rg4 51. Kb4 Rxg3 {would be unnecessary complications}) 48... Kb8 49. Rh7
gxf4 (49... h4 50. gxh4 gxf4 51. Ba7+ Ka8 52. exf4 Rxf4 53. Bb6 $18) 50. gxf4
Ne6 51. Be5+ Kc8 52. b6 Nc5+ (52... Rxe3+ 53. Kb4 Re4+ 54. Kb5 $18 {[%cal
Gb6b7,Gb7b8]}) 53. Kc2 Rc4+ (53... Rxe3 54. Rc7+ $18 {[%csl Rc5]}) 54. Kd1 Nb7
(54... Rb4 55. Rc7+ $18) 55. Rxh5 Rb4 56. Bd4 Na5 57. Rxf5 Rb5 58. Kc2 Nc6 59.
Kc3 1-0

[Event "Tata Steel-A 78th"]
[Site "Wijk aan Zee"]
[Date "2016.01.23"]
[Round "7"]
[White "Mamedyarov, Shakhriyar"]
[Black "Hou, Yifan"]
[Result "1-0"]
[WhiteElo "2747"]
[BlackElo "2673"]
[Annotator "Roiz,M"]
[PlyCount "109"]
[EventDate "2016.01.16"]
[EventType "tourn"]
[EventRounds "13"]
[EventCountry "NED"]
[EventCategory "20"]
[SourceTitle "CBM 171"]
[Source "ChessBase"]
[SourceDate "2016.03.14"]
[SourceVersion "2"]
[SourceVersionDate "2016.03.14"]
[SourceQuality "1"]

1. d4 e6 2. c4 Nf6 3. Nc3 Bb4 4. Nf3 d5 5. Qa4+ Nc6 6. e3 O-O 7. Qc2 Bd6 8. h3
{Shakhriyar chooses a very rare prophylactic move.} ({The most common
alternative is} 8. c5 Be7 9. Bb5 Nb8 (9... Bd7 10. a3 a6 11. Bd3 a5 12. Rb1 b6
13. b4 axb4 14. axb4 bxc5 15. bxc5 Rb8 16. Bb5 Na5 17. Be2 Rxb1 18. Nxb1 $14 {
Ivanchuk,V (2753)-Alekseev,E (2692)/Riga 2014}) 10. a3 b6 11. b4 a5 12. Rb1 c6
13. Bd3 axb4 14. axb4 Nbd7 15. O-O Qc7 16. Ne2 Ba6 $11 {Bacrot,E (2711)
-Aronian,L (2777)/Baden Baden GER 2015}) 8... dxc4 {Hou Yifan doesn't see a
reason for deviating from the usual plan.} ({Another principled continuation
was} 8... Nb4 $5 9. Qd1 c5 10. dxc5 Bxc5 11. a3 Nc6 12. b4 Bd6 13. cxd5 exd5
14. Bb2 {, but in this type of position h2-h3 turns out to be quite useful.
Still, Black's position seems perfectly playable here.}) 9. Bxc4 e5 10. O-O a6
{This logical move is a novelty. It definitely makes sense to secure the
dark-squared bishop. In addition, Black may consider the somewhat aggressive
way of development - b7-b5, followed by fianchetto.} (10... Bd7 11. d5 (11. Rd1
Qc8 12. dxe5 Nxe5 13. Nxe5 Bxe5 14. e4 Bxh3 15. gxh3 Qxh3 16. f3 Qxf3 $132 {
Swiercz,D (2614)-Moiseenko,A (2698)/Hockenheim GER 2014}) 11... Ne7 12. Rd1 (
12. e4 $5) 12... h6 13. b3 a6 14. a4 Ng6 15. Bb2 $14 {Bu Xiangzhi (2710)-Yu
Yangyi (2734)/Shenzhen CHN 2015}) 11. a3 ({The above-mentioned idea works well
after} 11. Rd1 exd4 12. exd4 b5 $1 13. Be2 (13. Bb3 Na5 $11) 13... Nb4 14. Qb1
Bb7 {with excellent play for Black.}) 11... Bd7 12. Rd1 h6 {Black reasonably
makes another waiting move and doesn't release the tension.} ({However,} 12...
exd4 $5 13. exd4 Qc8 14. Bg5 Bf5 15. Qc1 Ne4 {looks perfectly playable too.})
13. b4 ({The ambitious} 13. d5 Ne7 14. e4 Ng6 {allows White to seize a lot of
space, but offers Black rich counterplay on the k-side.}) 13... Qe7 $6 {
The first step in the wrong direction - Black's setup loses harmony now, since
the e7-spot isn't vacant for the knight.} ({The natural} 13... exd4 {was much
better:} 14. exd4 (14. Nxd4 {is also quite harmless:} Nxd4 15. Rxd4 Be5 16. Rd1
Qe7 $11) 14... Ne7 15. Ne5 Be6 16. Bxe6 fxe6 $11) 14. d5 ({Another way of
maintaining the pressure was} 14. Bb2 exd4 15. exd4 Rae8 16. Re1 Qd8 17. Nd5
Nxd5 18. Bxd5 $14) 14... Na7 15. e4 Nc8 $1 {The best choice from a practical
point of view. This move is connected with some q-side activity.} ({After} 
15... Nb5 16. Ne2 $1 c6 17. dxc6 Bxc6 18. Ng3 $14 {Black would be doomed to a
passive defence.}) 16. Be3 a5 17. b5 {The closed character of position
definitely suits Black here.} ({Possibly, more promising was} 17. Bd3 axb4 18.
axb4 Rxa1 (18... Nb6 19. Bc5 $14) 19. Rxa1 Bxb4 20. Rb1 Re8 21. Rb3 $1 (21.
Nxe5 Bxc3 22. Nxd7 Qxd7 23. Qxc3 Nxe4 24. Bxe4 Rxe4 25. Rxb7 Qxd5 26. Qxc7 Rc4
$11) 21... Bxc3 22. Qxc3 Nd6 23. Nd2 $14 {with more than a sufficient
compensation for a pawn.}) 17... Re8 {This move seems pointless - there is no
danger for the Pe5. At the same time, the rook cannot support the thematic
f7-f5 advance any longer.} ({More to the point was} 17... Nh5 $1 18. Re1 f5 19.
Bd3 f4 20. Bd2 Nb6 $132 {getting some activity on the opposite side of the
board.}) 18. a4 Bb4 19. Bd3 Nb6 (19... Nh5 20. Nd2 Nf4 21. Ne2 Nxd3 22. Qxd3
$14) 20. Nd2 Bc5 $6 {This decision seems dubious - the exchange of the
dark-squared bishops would offer White full control over the c5-spot.} (20...
Nh5 21. Ne2 Rac8 $14) 21. Bxc5 Qxc5 22. Nb3 Qd6 23. Be2 {It definitely makes
sense to restrict the activity of Black's pieces.} ({However, a more energetic
move would be} 23. Ne2 $1 c6 24. dxc6 bxc6 25. Nc5 cxb5 26. Nxd7 Qxd7 27. Bxb5
$16) 23... Rec8 24. Rab1 Qe7 25. Qc1 {White is not in a hurry - the queen is
coming to c5.} (25. Qd2 Ne8 26. Rdc1 Nd6 27. Nc5 $14) 25... Ne8 26. Qe3 Nd6 27.
Rbc1 Qg5 $6 {Liquidating into an endgame definitely suits White here - now
Black lacks any active ideas.} (27... Ndc4 28. Qc5 Nd6 29. Nd2 $14) 28. Qxg5
hxg5 29. Nc5 Kf8 {Black is doomed to passive defence now. Still, it's not easy
for White to make progress on the queenside.} 30. Nb1 $1 {GM Mamedyarov finds
an effective way of regrouping the pieces.} Ke7 31. Nd2 g6 32. Rc3 Be8 33. Rb1
Rab8 34. Ndb3 $2 {A serious inaccuracy - Black gets an excellent chance to
release the tension!} ({The correct way was} 34. Nc4 Nbxc4 35. Bxc4 {intending
to exert strong pressure along the c-file. Now if} b6 36. Na6 Nxe4 {, then} 37.
Re3 Nc5 38. Nxb8 Rxb8 39. Rxe5+ Kd6 40. Rxg5 Nxa4 41. Rg3 $16 {with excellent
winning chances.}) 34... c6 $1 {That's the point! Black manages to get rid of
a main weakness.} 35. bxc6 bxc6 36. dxc6 ({After} 36. Ba6 Rc7 37. dxc6 Bxc6 38.
Rbc1 Be8 39. Nxa5 Ra8 40. Nab7 Rxa6 41. Nxa6 Rxb7 42. Rc7+ Rxc7 43. Rxc7+ Kd8
44. a5 Na4 $11 {Black should be able to neutralise the a-passer.}) 36... Bxc6 (
{Another possibility was} 36... Rxc6 37. Nxa5 Rcc8 38. Rb4 Nxa4 39. Rxa4 Bxa4
40. Nxa4 Nxe4 $11) 37. Nxa5 Nxa4 $4 {A terrible blunder. Luckily for
Shakhriyar, he gets another chance to get the full point.} ({The patient} 37...
Be8 $11 {would solve all the problems.}) 38. Rxb8 Nxc3 39. Bg4 $1 {This
tactical resource was underestimated by Hou Yifan. Now Black cannot avoid loss
of material.} f5 {The only way to save a piece.} (39... Rxb8 40. Nxc6+ Ke8 41.
Nxb8 $18) 40. exf5 gxf5 41. Rxc8 Nxc8 42. Nxc6+ Kd6 43. Bxf5 Kxc6 44. Ne6 $18 {
Despite the limited material balance, the resulting endgame is hopeless for
Black.} Nd6 45. Bg4 Nde4 46. f3 Ne2+ 47. Kf1 N2g3+ 48. Ke1 Nc5 49. Nxg5 {
Finally White collects another pawn. The rest was quite easy.} Nd3+ 50. Kd2 Nf4
51. Ke3 Nh1 52. Ke4 Kd6 53. Nf7+ Ke7 54. Nxe5 Nxg2 55. Kf5 1-0